| 000 | 01349nam a2200337 i 4500 | ||
|---|---|---|---|
| 003 | CO-BoRNBP | ||
| 005 | 20230403215559.0 | ||
| 007 | ta | ||
| 008 | 211014s2021 ck a|||br|||| 00| 0 spa d | ||
| 020 | _a9789586656863 | ||
| 040 |
_aCO-BoRNBP _bspa _erda _cCO-BoRNBP |
||
| 041 | 0 | _aspa | |
| 082 | 0 | 4 |
_a571.8 _bR65i _222 |
| 100 | 1 |
_aRomero Mariño, Soledad _eautora _9838 |
|
| 245 | 1 | 0 |
_aInfinito _ctextos Soledad Romero Mariño ; ilustraciones Mariona Cabassa |
| 246 | 3 | 4 |
_aInfinito _bLos ciclos mágicos del universo |
| 250 | _aEdición especial | ||
| 264 | 1 |
_aBogotá, Colombia _bSiglo del Hombre Editores _c2021 |
|
| 300 |
_a[44] páginas sin numerar _bilustraciones a color _c26 cm |
||
| 336 |
_atexto _btxt _2rdacontent |
||
| 337 |
_asin mediación _bn _2rdamedia |
||
| 338 |
_avolumen _bnc _2rdacarrier |
||
| 490 | 0 | _aPlan Nacional de Lectura y Escritura Leer es mi Cuento / Ministerio de Cultura | |
| 500 | _aEn la cabecera de la carátula aparece el subtítulo: Los ciclos mágicos del universo | ||
| 521 | _aRecomendado para un público infantil mayor de 9 años | ||
| 650 | 1 | 7 |
_aCiclos biológicos _xLiteratura infantil _2LEMB _9839 |
| 650 | 1 | 7 |
_aVariación (Biología) _xLiteratura infantil _2LEMB _9840 |
| 650 | 1 | 7 |
_aVida (Biología) _xLiteratura infantil _2LEMB _9841 |
| 700 | 1 |
_aCabassa, Mariona _eilustradora _9842 |
|
| 942 |
_2ddc _cBKINF |
||
| 999 |
_c9316 _d9316 |
||